<?xml version="1.0" encoding="UTF-8"?>
<record
    xmlns:xsi="http://www.w3.org/2001/XMLSchema-instance"
    xsi:schemaLocation="http://www.loc.gov/MARC21/slim http://www.loc.gov/standards/marcxml/schema/MARC21slim.xsd"
    xmlns="http://www.loc.gov/MARC21/slim">

  <leader>00683nam a22002177a 4500</leader>
  <controlfield tag="003">UA-OsUOA</controlfield>
  <controlfield tag="001"> 67102 </controlfield>
  <controlfield tag="007">ta</controlfield>
  <controlfield tag="008">20100210b un ||||| |||| 00| 0 ukr d</controlfield>
  <datafield tag="100" ind1=" " ind2=" ">
    <subfield code="a">&#x410;&#x444;&#x430;&#x43D;&#x430;&#x441;&#x44C;&#x435;&#x432; &#x414;.</subfield>
  </datafield>
  <datafield tag="090" ind1=" " ind2=" ">
    <subfield code="a">004</subfield>
    <subfield code="b">&#x410;94</subfield>
  </datafield>
  <datafield tag="942" ind1=" " ind2=" ">
    <subfield code="c">SA</subfield>
  </datafield>
  <datafield tag="040" ind1=" " ind2=" ">
    <subfield code="a">UA-OsUOA</subfield>
    <subfield code="b">ukr</subfield>
    <subfield code="c">UA-OsUOA</subfield>
    <subfield code="d">UA-OsUOA</subfield>
  </datafield>
  <datafield tag="245" ind1=" " ind2=" ">
    <subfield code="a">&#x420;&#x43E;&#x43B;&#x44C; &#x456;&#x43D;&#x442;&#x435;&#x440;&#x43D;&#x435;&#x442;-&#x43C;&#x435;&#x440;&#x435;&#x436;&#x435;&#x432;&#x438;&#x445; &#x441;&#x43F;&#x456;&#x43B;&#x44C;&#x43D;&#x43E;&#x442; &#x443; &#x441;&#x442;&#x430;&#x43D;&#x43E;&#x432;&#x43B;&#x435;&#x43D;&#x43D;&#x456; &#x456;&#x43D;&#x444;&#x43E;&#x440;&#x43C;&#x430;&#x446;&#x456;&#x439;&#x43D;&#x43E;&#x433;&#x43E; &#x441;&#x443;&#x441;&#x43F;&#x456;&#x43B;&#x44C;&#x441;&#x442;&#x432;&#x430; &#x432; &#x423;&#x43A;&#x440;&#x430;&#x457;&#x43D;&#x456;</subfield>
  </datafield>
  <datafield tag="300" ind1=" " ind2=" ">
    <subfield code="a">&#x421;.2-4</subfield>
  </datafield>
  <datafield tag="955" ind1=" " ind2=" ">
    <subfield code="a">0</subfield>
  </datafield>
  <datafield tag="041" ind1=" " ind2=" ">
    <subfield code="a">ukr</subfield>
  </datafield>
  <datafield tag="080" ind1=" " ind2=" ">
    <subfield code="a">004</subfield>
  </datafield>
  <datafield tag="773" ind1="0" ind2=" ">
    <subfield code="w">67101</subfield>
    <subfield code="t">&#x412;&#x456;&#x447;&#x435;</subfield>
    <subfield code="d">&#x41A;.</subfield>
    <subfield code="d">2010</subfield>
    <subfield code="g">2</subfield>
  </datafield>
  <datafield tag="650" ind1=" " ind2="7">
    <subfield code="a">00 &#x417;&#x430;&#x433;&#x430;&#x43B;&#x44C;&#x43D;&#x456; &#x43F;&#x438;&#x442;&#x430;&#x43D;&#x43D;&#x44F; &#x43D;&#x430;&#x443;&#x43A;&#x438; &#x456; &#x43A;&#x443;&#x43B;&#x44C;&#x442;&#x443;&#x440;&#x438;</subfield>
    <subfield code="2">UDC</subfield>
  </datafield>
  <datafield tag="999" ind1=" " ind2=" ">
    <subfield code="c">353215</subfield>
    <subfield code="d">353215</subfield>
  </datafield>
</record>
